Statistics for LeBron James Fan Quiz

Click here to take the quiz!

General Stats

  • This quiz has been taken 1,115 times
  • The average score is 12 of 15

Answer Stats

HintAnswer% Correct
How many rings does he have?3
100%
How many kids does he have?2
99%
How many MVP's does he have?4
99%
When was he drafted?2003
93%
What number is he?23
92%
How tall is he?6'8
90%
Quote: "I'm taking my talents to ____ ____South Beach
85%
Where is his hometown?Akron, Ohio
84%
What is his game high points?61
81%
What does he throw up in the air before games?Chalk
76%
How much does he weigh?250lb
69%
Who is his coach?Tyronn Lue
61%
When is his birthday?December 30, 1984
59%
What is his son's name?LeBron James Jr
55%
what is his career high average of points in 1 season?31.4 PPG
23%

Score Distribution

Percentile by Number Answered

Percent of People with Each Score

Your Score History

You have not taken this quiz